Southville International School and Colleges
Your cart is empty.
  • Cart
  • Lists
    Public lists Eva Luna New books Lux_list list_1
    Your lists Log in to create your own lists
  • Log in to your account
  • Your cookies
  • Search history
Southville International School and Colleges
  • Advanced search
  • Recent comments
  • Most popular
  • Libraries

Log in to your account

Log in with GOOGLE


If you do not have an external account, but do have a local account, you can still log in:

  1. Home
  2. MARC view: Exposes :
Normal view MARC view ISBD view

Exposes : (Record no. 298055)

[ view plain ]
MARC details
000 -LEADER
fixed length control field 00539nam a22001817a 4500
003 - CONTROL NUMBER IDENTIFIER
control field SISC
005 - DATE AND TIME OF LATEST TRANSACTION
control field 20160726113122.0
008 - FIXED-LENGTH DATA ELEMENTS--GENERAL INFORMATION
fixed length control field 160726b xxu||||| |||| 00| 0 eng d
020 ## - INTERNATIONAL STANDARD BOOK NUMBER
International Standard Book Number 9789712724428
050 ## - LIBRARY OF CONGRESS CALL NUMBER
Classification number JQ 1409.5C6
Item number .B711 2011
100 ## - MAIN ENTRY--PERSONAL NAME
Personal name Bondoc, Jarius.
245 ## - TITLE STATEMENT
Title Exposes :
Remainder of title investigate reporting for clean government /
Statement of responsibility, etc Jarius Bondoc.
260 ## - PUBLICATION, DISTRIBUTION, ETC. (IMPRINT)
Place of publication, distribution, etc Mandaluyong City :
Name of publisher, distributor, etc Anvil,
Date of publication, distribution, etc 2011.
300 ## - PHYSICAL DESCRIPTION
Extent 237 pages ;
Dimensions 23 cm.
500 ## - GENERAL NOTE
General note Includes index.
650 ## - SUBJECT ADDED ENTRY--TOPICAL TERM
Topical term or geographic name as entry element Political corruption
General subdivision Philippines.
942 ## - ADDED ENTRY ELEMENTS (KOHA)
Source of classification or shelving scheme Library of Congress Classification
Koha item type Books
Holdings
Withdrawn status Lost status Source of classification or shelving scheme Damaged status Home library Current library Shelving location Date acquired Source of acquisition Cost, normal purchase price Sub Shelving location Total Checkouts Full call number Barcode Date last seen Price effective from Koha item type
    Library of Congress Classification   College Library College Library Filipiniana Section 07/26/2016 Library Fund 500.00     JQ 1409.5C6 .B711 2011 C20638 05/08/2018 07/26/2016 Books

Exposes :

APA

Bondoc J., . (2011). Exposes. Mandaluyong City: Anvil.

Chicago

Bondoc Jarius, . 2011. Exposes. Mandaluyong City: Anvil.

Harvard

Bondoc J., . (2011). Exposes. Mandaluyong City: Anvil.

MLA

Bondoc Jarius, . Exposes. Mandaluyong City: Anvil. 2011.

  • Place hold
  • Print
  • Cite
  • Add to your cart (remove)
  • Save record
    BIBTEX Dublin Core MARCXML MARC (non-Unicode/MARC-8) MARC (Unicode/UTF-8) MARC (Unicode/UTF-8, Standard) MODS (XML) RIS
  • More searches
    Search for this title in:
    Other Libraries (WorldCat) Other Databases (Google Scholar) Online Stores (Bookfinder.com) Open Library (openlibrary.org)

Exporting to Dublin Core...

SOUTHVILLE LIBRARY

Southville International School and Colleges Library

1281 Tropical Ave. Cor. Luxembourg St., BF Homes International, Las Pinas City

Tel. No. 8256374 / 252358 Loc. 117/146

Powered by Koha